Quy trình chuẩn mực kiểm toán Việt Nam

Giới thiệu về hệ thống mục lục ngân sách nhà nước (sửa đổi bổ sung 05/2008); quy trình, nghiệp vụ hoạt động kiểm toán; quy định danh mục hồ sơ kiểm toán, hệ thống chuẩn mực kiểm toán Việt Nam....

Cijeli opis

Spremljeno u:
Bibliografski detalji
Autor kompanije: Bộ tài chính
Format: Knjiga
Jezik:Undetermined
Izdano: Hà Nội Thống Kê 2008
Teme:
Oznake: Dodaj oznaku
Bez oznaka, Budi prvi tko označuje ovaj zapis!
Thư viện lưu trữ: Trung tâm Học liệu Trường Đại học Cần Thơ
LEADER 00936nam a2200205Ia 4500
001 CTU_138766
008 210402s9999 xx 000 0 und d
020 |c 295000 
082 |a 657.45 
082 |b B450 
110 |a Bộ tài chính 
245 0 |a Quy trình chuẩn mực kiểm toán Việt Nam 
245 0 |c Bộ tài chính 
260 |a Hà Nội 
260 |b Thống Kê 
260 |c 2008 
520 |a Giới thiệu về hệ thống mục lục ngân sách nhà nước (sửa đổi bổ sung 05/2008); quy trình, nghiệp vụ hoạt động kiểm toán; quy định danh mục hồ sơ kiểm toán, hệ thống chuẩn mực kiểm toán Việt Nam. 
650 |a Management audit,Managerial accounting,Quản lý kiểm toán 
904 |i Trần Nguyễn Khải Tâm 
980 |a Trung tâm Học liệu Trường Đại học Cần Thơ